Statistics for Top U.S. Universities Quiz

Click here to take the quiz!

General Stats

  • This quiz has been taken 60,037 times
    (2,044 since last reset)
  • The average score is 26 of 53

Answer Stats

# School % Correct
2Harvard
99%
3Yale
94%
22Berkeley
86%
3MIT
83%
20UCLA
82%
1Princeton
81%
14Brown
78%
6Penn
78%
6Stanford
77%
48Texas
74%
29NYU
74%
3Columbia
73%
25Michigan
70%
19Washington (St. Louis)
68%
34Florida
65%
6Chicago
64%
10Duke
60%
17Cornell
59%
28Virginia
59%
22USC
58%
50Georgia
58%
40Boston University
58%
37Boston College
58%
12Dartmouth
58%
29North Carolina
57%
24Georgetown
50%
12Cal Tech
50%
9Northwestern
49%
48Illinois
47%
15Notre Dame
47%
37UCSD
44%
15Vanderbilt
43%
46Wisconsin
42%
10Johns Hopkins
40%
17Rice
38%
29Georgia Tech
36%
40William and Mary
29%
25Carnegie Mellon
29%
40Tulane
29%
34UC Santa Barbara
28%
39UC Davis
28%
36UC Irvine
26%
21Emory
24%
40Northeastern
24%
27Wake Forest
22%
29Tufts
20%
46Villanova
19%
29Rochester
17%
40Case Western
16%
50Pepperdine
15%
50Rensselaer Polytechnic
14%
40Brandeis
13%
50Lehigh
10%

Score Distribution

Percentile by Number Answered

Percent of People with Each Score

Your Score History

You have not taken this quiz since the last reset